<?xml version="1.0" encoding="UTF-8"?>
<record
    xmlns:xsi="http://www.w3.org/2001/XMLSchema-instance"
    xsi:schemaLocation="http://www.loc.gov/MARC21/slim http://www.loc.gov/standards/marcxml/schema/MARC21slim.xsd"
    xmlns="http://www.loc.gov/MARC21/slim">

  <leader>01725nam a22003134i 4500</leader>
  <controlfield tag="001">32537</controlfield>
  <controlfield tag="003">DO-SdISF</controlfield>
  <controlfield tag="005">20250403123702.0</controlfield>
  <controlfield tag="007">ta</controlfield>
  <controlfield tag="008">240209s2021    dr a|||frm||| 000 0 spa d</controlfield>
  <datafield tag="040" ind1=" " ind2=" ">
    <subfield code="a">CGIP0033</subfield>
    <subfield code="b">spa</subfield>
    <subfield code="e">rda</subfield>
    <subfield code="c">CGIP0033</subfield>
  </datafield>
  <datafield tag="090" ind1=" " ind2=" ">
    <subfield code="a">TMMSS-2021-0001</subfield>
  </datafield>
  <datafield tag="100" ind1="1" ind2=" ">
    <subfield code="a">Taveras Grull&#xF3;n, Amelia Beatriz</subfield>
    <subfield code="9">31232</subfield>
    <subfield code="e">autor</subfield>
  </datafield>
  <datafield tag="245" ind1="1" ind2="4">
    <subfield code="a">Los conocimientos previos y las dificultades con el producto de polinomios en los estudiantes de cuarto grado de secundaria del Polit&#xE9;cnico Juan Antonio Collado del municipio J&#xE1;nico, Santiago, Rep&#xFA;blica Dominicana, a&#xF1;o lectivo 2020-2021 /</subfield>
    <subfield code="c">sustentada por: Amelia Beatriz Taveras Grull&#xF3;n ; asesor: Luis Eligio V&#xE1;squez</subfield>
  </datafield>
  <datafield tag="264" ind1=" " ind2="1">
    <subfield code="a">Santiago de los Caballeros :</subfield>
    <subfield code="b">ISFODOSU, </subfield>
    <subfield code="c">2021</subfield>
  </datafield>
  <datafield tag="300" ind1=" " ind2=" ">
    <subfield code="a">110 hojas :</subfield>
    <subfield code="b">ilustraciones ;</subfield>
    <subfield code="c">27 cm. </subfield>
  </datafield>
  <datafield tag="336" ind1=" " ind2=" ">
    <subfield code="2">rdacontent</subfield>
    <subfield code="a">texto</subfield>
    <subfield code="b">txt</subfield>
  </datafield>
  <datafield tag="337" ind1=" " ind2=" ">
    <subfield code="2">rdamedia</subfield>
    <subfield code="a">sin mediaci&#xF3;n</subfield>
    <subfield code="b">n</subfield>
  </datafield>
  <datafield tag="338" ind1=" " ind2=" ">
    <subfield code="2">rdacarrier</subfield>
    <subfield code="a">volumen</subfield>
    <subfield code="b">nc</subfield>
  </datafield>
  <datafield tag="502" ind1=" " ind2=" ">
    <subfield code="a">Tesis para optar por el t&#xED;tulo de Maestr&#xED;a en Matem&#xE1;tica Superior orientada al Nivel Secundario - Instituto Superior de Formaci&#xF3;n Docente Salom&#xE9; Ure&#xF1;a - ISFODOSU, Recinto EPH, 2021.
</subfield>
  </datafield>
  <datafield tag="504" ind1=" " ind2=" ">
    <subfield code="a">Bibliograf&#xED;a en hoja 84</subfield>
  </datafield>
  <datafield tag="505" ind1="2" ind2=" ">
    <subfield code="a">Introducci&#xF3;n al problema de investigaci&#xF3;n 1 - Revisi&#xF3;n de literatura 11 - Metodolog&#xED;a 39 - Presentaci&#xF3;n de resultados 50 - Interpretaci&#xF3;n d elos resultados 75 - Referencias 84 - Anexos 89 </subfield>
  </datafield>
  <datafield tag="610" ind1="1" ind2="4">
    <subfield code="a">Instituto Superior de Formaci&#xF3;n Docente Salom&#xE9; Ure&#xF1;a</subfield>
    <subfield code="v">Tesis</subfield>
    <subfield code="2">armarc</subfield>
    <subfield code="9">20677</subfield>
  </datafield>
  <datafield tag="650" ind1="1" ind2="7">
    <subfield code="a">Educaci&#xF3;n secundaria</subfield>
    <subfield code="z">Rep&#xFA;blica Dominicana</subfield>
    <subfield code="2">armarc</subfield>
    <subfield code="9">24501</subfield>
  </datafield>
  <datafield tag="650" ind1="1" ind2="7">
    <subfield code="a">Polinomios</subfield>
    <subfield code="2">armarc</subfield>
    <subfield code="9">25656</subfield>
  </datafield>
  <datafield tag="650" ind1="1" ind2="7">
    <subfield code="a">Matem&#xE1;ticas</subfield>
    <subfield code="x">Ense&#xF1;anza</subfield>
    <subfield code="2">armarc</subfield>
    <subfield code="9">24744</subfield>
  </datafield>
  <datafield tag="700" ind1="1" ind2=" ">
    <subfield code="a">V&#xE1;squez M&#xE1;rquez, Luis Eligio</subfield>
    <subfield code="9">31229</subfield>
    <subfield code="e">asesor</subfield>
  </datafield>
  <datafield tag="942" ind1=" " ind2=" ">
    <subfield code="2">LOC</subfield>
    <subfield code="c">TESIS</subfield>
  </datafield>
  <datafield tag="999" ind1=" " ind2=" ">
    <subfield code="c">13408</subfield>
    <subfield code="d">13408</subfield>
  </datafield>
  <datafield tag="952" ind1=" " ind2=" ">
    <subfield code="0">0</subfield>
    <subfield code="1">0</subfield>
    <subfield code="2">ddc</subfield>
    <subfield code="4">0</subfield>
    <subfield code="7">0</subfield>
    <subfield code="a">RII</subfield>
    <subfield code="b">RII</subfield>
    <subfield code="d">2025-04-03</subfield>
    <subfield code="l">0</subfield>
    <subfield code="r">2025-04-03 12:36:26</subfield>
    <subfield code="w">2025-04-03</subfield>
    <subfield code="y">TED</subfield>
  </datafield>
</record>
